000 00383nam a22001577a 4500
003 SGT
020 _a9788131243565
082 _a616.12
_bC15B
100 _aBALLANTYNE, CHRISTIE M.
245 _aCLINICAL LIPIDOLOGY : A COMPANION TO BRAUNWDD'S HEART DISEASE
250 _a2ND
260 _aINDIA
_bELSEVIER PUB
_c2015
300 _a550
650 _aCARDIOLOGY
942 _2ddc
_cBK
999 _c21777
_d21777